| 000 | 00706nam a2200205Ii 4500 | ||
|---|---|---|---|
| 003 | JO-AjNU | ||
| 008 | 230605s9999||||xx |||||||||||||| ||und|| | ||
| 040 |
_aJO-AjNU _bara _erda _cJO-AjNU |
||
| 041 | _aara | ||
| 050 | 1 | 4 | _aDS38.5.K4 1975 |
| 100 | 3 |
_aتاليف الخطيب، عبدالله مهدي, _eauthor _940579 |
|
| 245 | 0 | 0 | _aالحكم الأموي في خراسان |
| 250 | _aط1 | ||
| 264 | 3 | 1 | _aبيروت: بغداد: مؤسسة الاعلمي؛ دار التربية، 1975 |
| 300 | _a231ص | ||
| 336 |
_atext _btxt _2rdacontent |
||
| 337 |
_aunmediated _bn _2rdamedia |
||
| 338 |
_avolume _bnc _2rdacarrier |
||
| 650 | 4 |
_aامويون - تاريخ، خراسانة - تاريخ _940580 |
|
| 999 |
_aA17233 _c20801 _d20801 |
||